00305nam a2200109Ia 4500082001200000100001200012245005000024260003400074300002100108650005000129710001600179 aTR.0121 aRanjana 0aSources and uses of public funds in Rajasthan c1974bUniversity of Rajasthan a389p. + C D - 52 aSources and uses of public funds in Rajasthan aNigam, M.S.